[Event "Dueville op-B 1st"]
[Site "Dueville"]
[Date "2023.06.04"]
[Round "4"]
[White "Marson, Eva Jane"]
[Black "Maniero, Riccardo"]
[Result "1/2-1/2"]
[WhiteElo "1583"]
[BlackElo "1489"]
[PlyCount "70"]
[EventDate "2023.06.01"]
[EventType "swiss"]
[EventRounds "5"]
[EventCountry "ITA"]
[SourceTitle "EXT 2024"]
[Source "ChessBase"]
[SourceDate "2023.10.10"]
[SourceVersion "1"]
[SourceVersionDate "2023.10.10"]
[SourceQuality "1"]

1. e4 Nc6 2. d4 d5 3. e5 Bf5 4. c3 e6 5. Be3 f6 6. f4 Nge7 7. Nf3 Qd7 8. Bb5 a6 9. Ba4 b5 10. Bc2 Bxc2 11. Qxc2 Nf5 12. Bf2 h5 13. g3 Be7 14. h3 b4 15. Nbd2 Kf7 16. Rc1 Rac8 17. Rg1 bxc3 18. Qxc3 Nb4 19. Qb3 a5 20. a4 Rb8 21. g4 hxg4 22. hxg4 Nh6 23. Kf1 f5 24. gxf5 Nxf5 25. Ng5+ Bxg5 26. Rxg5 Rh1+ 27. Rg1 Rbh8 28. Qc3 c6 29. Qf3 R1h3 30. Qg4 Nd3 31. Rc3 Nxf2 32. Kxf2 Rh2+ 33. Ke1 Kf8 34. Rd3 R8h4 35. Qg5 Rh5 1/2-1/2

[Event "Dueville op-B 1st"]
[Site "Dueville"]
[Date "2023.06.03"]
[Round "3"]
[White "Maniero, Riccardo"]
[Black "De Bianchi, Asia"]
[Result "0-1"]
[WhiteElo "1489"]
[BlackElo "1642"]
[PlyCount "46"]
[EventDate "2023.06.01"]
[EventType "swiss"]
[EventRounds "5"]
[EventCountry "ITA"]
[SourceTitle "EXT 2024"]
[Source "ChessBase"]
[SourceDate "2023.10.10"]
[SourceVersion "1"]
[SourceVersionDate "2023.10.10"]
[SourceQuality "1"]

1. e4 c5 2. d4 cxd4 3. c3 d5 4. exd5 Qxd5 5. cxd4 Nc6 6. Nf3 e6 7. a3 Nf6 8. Nc3 Qd8 9. Bc4 Be7 10. 0-0 0-0 11. Re1 Nd5 12. Bxd5 exd5 13. h3 Be6 14. b4 Rc8 15. Ne2 Bf6 16. Be3 Re8 17. Qb3 Bf5 18. Ng3 Be4 19. Nxe4 dxe4 20. Nd2 Nxd4 21. Bxd4 Bxd4 22. Rac1 Rxc1 23. Rxc1 Bxf2+ 0-1

[Event "Dueville op-B 1st"]
[Site "Dueville"]
[Date "2023.06.02"]
[Round "1"]
[White "Pisani, Valerio"]
[Black "Maniero, Riccardo"]
[Result "0-1"]
[WhiteElo "1620"]
[BlackElo "1489"]
[PlyCount "56"]
[EventDate "2023.06.01"]
[EventType "swiss"]
[EventRounds "5"]
[EventCountry "ITA"]
[SourceTitle "EXT 2024"]
[Source "ChessBase"]
[SourceDate "2023.10.10"]
[SourceVersion "1"]
[SourceVersionDate "2023.10.10"]
[SourceQuality "1"]

1. e4 Nc6 2. Nf3 d5 3. e5 Bg4 4. d4 e6 5. Bb5 Nge7 6. Bg5 Qd7 7. c3 h6 8. Bc1 a6 9. Ba4 f6 10. exf6 gxf6 11. Qe2 0-0-0 12. b4 b5 13. Bc2 Kb7 14. a4 Na7 15. Bd2 Bg7 16. axb5 axb5 17. Na3 e5 18. h3 Bh5 19. g4 Bg6 20. Bxg6 Nxg6 21. dxe5 fxe5 22. 0-0-0 Qc6 23. Kb2 Rhe8 24. Be3 d4 25. cxd4 exd4 26. Rc1 d3+ 27. Kb1 dxe2 28. Rxc6 Nxc6 0-1

[Event "Padova op-B 7th"]
[Site "Padova"]
[Date "2004.12.19"]
[Round "6"]
[White "Maniero, Riccardo"]
[Black "Ceccherini, Paolo"]
[Result "1-0"]
[WhiteElo "1862"]
[BlackElo "1706"]
[PlyCount "51"]
[EventDate "2004.12.11"]
[EventType "swiss"]
[EventRounds "6"]
[EventCountry "ITA"]
[SourceTitle "EXT 2023"]
[Source "ChessBase"]
[SourceDate "2022.10.05"]
[SourceVersion "1"]
[SourceVersionDate "2022.10.05"]
[SourceQuality "1"]

1. e4 c6 2. d4 d5 3. exd5 cxd5 4. c4 Nf6 5. Nc3 Bg4 6. Qb3 Qb6 7. Qxb6 axb6 8. cxd5 Nbd7 9. h3 Bf5 10. Bb5 0-0-0 11. Nf3 Nb8 12. Ne5 Bg6 13. Nc4 Nbd7 14. 0-0 Bd3 15. Re1 Bxc4 16. Bxc4 Nb8 17. Na4 Nxd5 18. Bxd5 b5 19. Nb6+ Kc7 20. Na8+ Kc8 21. Bxf7 Nd7 22. Be6 Kb8 23. Bxd7 Rxd7 24. Nb6 Rxd4 25. Be3 Rd3 26. Rac1 1-0

[Event "Veneto-ch Quarti di Finale 64th"]
[Site "Arqua Petrarca"]
[Date "2004.05.09"]
[Round "3.18"]
[White "Chiesa, Roberto"]
[Black "Maniero, Riccardo"]
[Result "0-1"]
[WhiteElo "1700"]
[BlackElo "1874"]
[PlyCount "64"]
[EventDate "2004.05.08"]
[EventType "swiss"]
[EventRounds "6"]
[EventCountry "ITA"]
[SourceTitle "EXT 2023"]
[Source "ChessBase"]
[SourceDate "2022.10.05"]
[SourceVersion "1"]
[SourceVersionDate "2022.10.05"]
[SourceQuality "1"]

1. d4 Nf6 2. c4 c5 3. d5 b5 4. cxb5 a6 5. bxa6 Bxa6 6. Nc3 d6 7. Nf3 g6 8. g3 Bg7 9. Bg2 Nbd7 10. Rb1 0-0 11. 0-0 Ng4 12. Bd2 Qc7 13. Re1 Rfb8 14. b3 Nge5 15. Nxe5 Nxe5 16. f4 Nd7 17. e4 c4 18. b4 Rxb4 19. Rxb4 Qc5+ 20. Kh1 Qxb4 21. Qc2 Nc5 22. Rb1 Qa5 23. Nb5 c3 24. Bxc3 Bxc3 25. Qxc3 Bxb5 26. Qxa5 Rxa5 27. e5 Bc4 28. exd6 exd6 29. h3 Rxa2 30. Rb6 Ra6 31. Rc6 Rxc6 32. dxc6 Na6 0-1

[Event "Padova op-A 6th"]
[Site "Padova"]
[Date "2003.12.16"]
[Round "4.6"]
[White "Opacic, Alexandar"]
[Black "Maniero, Riccardo"]
[Result "1-0"]
[WhiteElo "2088"]
[BlackElo "1660"]
[PlyCount "34"]
[EventDate "2003.12.13"]
[EventType "swiss"]
[EventRounds "9"]
[EventCountry "ITA"]
[SourceTitle "EXT 2024"]
[Source "ChessBase"]
[SourceDate "2023.10.10"]
[SourceVersion "1"]
[SourceVersionDate "2023.10.10"]
[SourceQuality "1"]

1. e4 Nc6 2. Nf3 d6 3. Bc4 Nf6 4. d3 Bg4 5. h3 Bh5 6. Nbd2 Na5 7. b4 Nxc4 8. Nxc4 e6 9. Bb2 d5 10. exd5 exd5 11. Nce5 Bxb4+ 12. c3 Bxf3 13. Qa4+ Nd7 14. cxb4 Bh5 15. 0-0 c6 16. Nxc6 bxc6 17. Bxg7 Nb6 1-0

[Event "Veneto-ch qf 63rd"]
[Site "Arqua Petrarca"]
[Date "2003.05.04"]
[Round "3.27"]
[White "Lo Duca, Massimiliano"]
[Black "Maniero, Riccardo"]
[Result "0-1"]
[WhiteElo "1300"]
[BlackElo "1696"]
[PlyCount "106"]
[EventDate "2003.05.03"]
[EventType "swiss"]
[EventRounds "6"]
[EventCountry "ITA"]
[SourceTitle "EXT 2024"]
[Source "ChessBase"]
[SourceDate "2023.10.10"]
[SourceVersion "1"]
[SourceVersionDate "2023.10.10"]
[SourceQuality "1"]

1. e4 Nc6 2. d4 d5 3. e5 Bf5 4. Ne2 e6 5. Ng3 Bg6 6. c4 dxc4 7. Be3 Bxb1 8. Rxb1 Bb4+ 9. Bd2 Bxd2+ 10. Qxd2 Qxd4 11. Qxd4 Nxd4 12. Rc1 0-0-0 13. Bxc4 Ne7 14. f4 Rd7 15. 0-0 Nef5 16. Ne4 Ne3 17. Rf2 Nxc4 18. Rxc4 Rhd8 19. Nc3 Nc6 20. g3 Rd2 21. Ne4 Rd1+ 22. Kg2 h6 23. Rfc2 a5 24. a3 Kb8 25. b4 axb4 26. axb4 Rb1 27. f5 exf5 28. Nc5 Rxb4 29. Na6+ bxa6 30. Rxc6 Rd7 31. Rxa6 Rb6 32. Ra5 c6 33. Rca2 Re7 34. Rf2 g6 35. Rc5 Kc7 36. Rfc2 Re6 37. Kf3 Kb7 38. Kf4 Rb4+ 39. R2c4 Rxc4+ 40. Rxc4 Re7 41. g4 fxg4 42. Rd4 h5 43. Re4 c5 44. Kg5 Re6 45. Kh6 Kc6 46. Kg7 Kd5 47. Kxf7 Rxe5 48. Ra4 Re6 49. Ra3 Rc6 50. Kg7 c4 51. Kh6 c3 52. Ra1 c2 53. Ra5+ Rc5 0-1

[Event "Veneto-ch qf 63rd"]
[Site "Arqua Petrarca"]
[Date "2003.05.04"]
[Round "2.18"]
[White "Maniero, Riccardo"]
[Black "Rossi, Damiano"]
[Result "0-1"]
[WhiteElo "1696"]
[BlackElo "1849"]
[PlyCount "92"]
[EventDate "2003.05.03"]
[EventType "swiss"]
[EventRounds "6"]
[EventCountry "ITA"]
[SourceTitle "EXT 2024"]
[Source "ChessBase"]
[SourceDate "2023.10.10"]
[SourceVersion "1"]
[SourceVersionDate "2023.10.10"]
[SourceQuality "1"]

1. e4 e6 2. d4 d5 3. Nc3 Bb4 4. e5 c5 5. a3 cxd4 6. axb4 dxc3 7. Qg4 Kf8 8. bxc3 Qc7 9. Qg3 Ne7 10. f4 a6 11. Bd2 Nd7 12. Bd3 Nb6 13. Ne2 Nc4 14. Bxc4 Qxc4 15. Qd3 b5 16. Nd4 Bb7 17. 0-0 g6 18. Nb3 Qc7 19. Ra2 Kg7 20. Rfa1 Rhc8 21. Nc5 Qc6 22. g4 Rc7 23. Qh3 Rcc8 24. f5 exf5 25. Nxb7 Qxb7 26. Bg5 Ng8 27. gxf5 gxf5 28. Rf1 Qb6+ 29. Be3 Rxc3 30. Rf3 d4 31. Bf2 Qg6+ 32. Kf1 Qe6 33. Ra3 Rxa3 34. Rxa3 Ne7 35. Bxd4 Ng6 36. Rd3 Rc8 37. c3 Kh8 38. Rf3 f4 39. Qg2 Nh4 40. Qh3 Nxf3 41. Qxf3 Qc4+ 42. Kf2 Qa2+ 43. Kg1 Qb1+ 44. Kf2 Qc2+ 45. Kf1 Qf5 46. e6+ f6 0-1

[Event "Padova op-A 5th"]
[Site "Padova"]
[Date "2002.12.21"]
[Round "4.42"]
[White "Tonus, Alex"]
[Black "Maniero, Riccardo"]
[Result "1-0"]
[WhiteElo "1500"]
[BlackElo "1615"]
[PlyCount "99"]
[EventDate "2002.12.14"]
[EventType "swiss"]
[EventRounds "6"]
[EventCountry "ITA"]
[SourceTitle "EXT 2023"]
[Source "ChessBase"]
[SourceDate "2022.10.05"]
[SourceVersion "1"]
[SourceVersionDate "2022.10.05"]
[SourceQuality "1"]

1. e4 Nc6 2. d4 d5 3. e5 Bf5 4. a3 e6 5. Ne2 Nge7 6. Ng3 Bg6 7. Be2 Qd7 8. 0-0 f6 9. f4 Nf5 10. Nxf5 Bxf5 11. b4 Ne7 12. Bb2 Bg6 13. Bc1 h5 14. Nd2 Nf5 15. Nb3 b6 16. Bd3 c6 17. Qe2 Rc8 18. Bd2 Kf7 19. Kh1 c5 20. bxc5 bxc5 21. Bb5 Qc7 22. Ba5 Qb8 23. dxc5 Bxc5 24. Nxc5 Rxc5 25. Rab1 Rxc2 26. Qe1 Qc8 27. Bd3 Rc6 28. Rf3 Qa8 29. Rf2 Ng3+ 30. hxg3 Bxd3 31. Rb3 Be4 32. Rd2 Rhc8 33. Qe2 Bg6 34. Rdb2 Rc2 35. Rb7+ Kg8 36. Qb5 Rxb2 37. Qxb2 Rc2 38. Qb5 Rc8 39. Qd7 Rc1+ 40. Kh2 Qf8 41. Bb4 Qf7 42. Qd8+ Kh7 43. Rxf7 Bxf7 44. exf6 gxf6 45. Qxf6 Kg8 46. Qg5+ Kh7 47. f5 Rc4 48. Bf8 Rg4 49. Qf6 exf5 50. Qxf7+ 1-0

[Event "Padova op-A 5th"]
[Site "Padova"]
[Date "2002.12.15"]
[Round "3.21"]
[White "Maniero, Riccardo"]
[Black "Ravagnani, Tiziano"]
[Result "0-1"]
[WhiteElo "1615"]
[BlackElo "1809"]
[PlyCount "50"]
[EventDate "2002.12.14"]
[EventType "swiss"]
[EventRounds "6"]
[EventCountry "ITA"]
[SourceTitle "EXT 2023"]
[Source "ChessBase"]
[SourceDate "2022.10.05"]
[SourceVersion "1"]
[SourceVersionDate "2022.10.05"]
[SourceQuality "1"]

1. e4 c5 2. c3 d5 3. exd5 Qxd5 4. d4 Nc6 5. Nf3 Bg4 6. Be2 0-0-0 7. Be3 e6 8. 0-0 Nf6 9. Qa4 Bd6 10. Nbd2 Bb8 11. dxc5 Qh5 12. g3 Rxd2 13. Bxd2 Bxf3 14. Bxf3 Qxf3 15. Rae1 h5 16. h4 Rd8 17. Bg5 Rd3 18. Qc2 Ne4 19. Be3 Nxg3 20. fxg3 Qxg3+ 21. Qg2 Rxe3 22. Rxe3 Qxe3+ 23. Kh1 Ne5 24. c6 bxc6 25. Rxf7 Nxf7 0-1

[Event "Padova op-A 5th"]
[Site "Padova"]
[Date "2002.12.14"]
[Round "1.4"]
[White "Maniero, Riccardo"]
[Black "Scalcione, Michelangelo"]
[Result "0-1"]
[WhiteElo "1615"]
[BlackElo "2302"]
[PlyCount "42"]
[EventDate "2002.12.14"]
[EventType "swiss"]
[EventRounds "6"]
[EventCountry "ITA"]
[SourceTitle "EXT 2023"]
[Source "ChessBase"]
[SourceDate "2022.10.05"]
[SourceVersion "1"]
[SourceVersionDate "2022.10.05"]
[SourceQuality "1"]

1. e4 e5 2. Nf3 d6 3. d4 exd4 4. Nxd4 Nf6 5. Nc3 Be7 6. Bc4 0-0 7. 0-0 Re8 8. Qd3 Nbd7 9. f4 Nc5 10. Qe3 Bf8 11. e5 Ng4 12. Qf3 dxe5 13. Bxf7+ Kxf7 14. fxe5+ Kg8 15. Qf7+ Kh8 16. Nf3 Be6 17. Qf4 Nd7 18. Ng5 Bc5+ 19. Kh1 Rf8 20. Nxe6 Rxf4 21. Rxf4 Qh4 0-1